000 00344nam a22001457a 4500
003 OSt
005 20160727222345.0
008 160621b xxu||||| |||| 00| 0 eng d
040 _cTEST
100 _9233
_aBlyton, S. E
245 _aSixth Bedtime Book
260 _aG.B Authur Bar Ker Ltd.
_c1953
300 _aSixth Bedtime Book
942 _2ddc
_cBK
999 _c186
_d186